00483nam a2200193 a 4500001001300000003000900013005001700022008004100039020001000080082001900090100001800109245004000127260003200167300000800199500003500207505001000242650001900252700001800271nice12345678IN_TiNIC20260116012200.0050524s1933 teha grp 000 0 eng  ac10000a297.12401bALI aAli, Mohammed aIntroduction to the Study of Hadith aTehranbNo Publisher c1933 a34p aincludes index and biblioraphy2 aIndex aHadith-Origins1 aAli, Mohammed